Servicio bibliotecario en la escuela elemental / (Record no. 70622)

MARC details
000 -LEADER
campo de control de longitud fija 00640nam a2200205 i 4500
001 - NÚMERO DE CONTROL
campo de control 70622
003 - IDENTIFICADOR DE NÚMERO DE CONTROL
campo de control ES-MaACL
005 - FECHA Y HORA DE LA ÚLTIMA TRANSACCIÓN
campo de control 20231218195159.0
007 - CAMPO FIJO DE DESCRIPCIÓN FÍSICA--INFORMACIÓN GENERAL
campo de control de longitud fija t|
008 - DATOS DE LONGITUD FIJA--INFORMACIÓN GENERAL
campo de control de longitud fija 040729s1967 sp ||||1| spa d
100 1# - ENTRADA PRINCIPAL--NOMBRE DE PERSONA
Nombre de persona Gardiner, Jewel.
9 (RLIN) 55497
245 10 - MENCIÓN DEL TÍTULO
Título Servicio bibliotecario en la escuela elemental /
Mención de responsabilidad, etc. por Jewel Gardiner ; [traducido por Consuelo Betés].
250 ## - MENCION DE EDICION
Mención de edición [2ª ed.].
260 ## - PUBLICACIÓN, DISTRIBUCIÓN, ETC.
Lugar de publicación, distribución, etc. México :
Nombre del editor, distribuidor, etc. Pax-México,
Fecha de publicación, distribución, etc. [1967]
300 ## - DESCRIPCIÓN FÍSICA
Extensión 198 p., 9 lám. ;
Dimensiones 24 cm.
650 04 - PUNTO DE ACCESO ADICIONAL DE MATERIA--TÉRMINO DE MATERIA
Término de materia o nombre geográfico como elemento de entrada Bibliotecas escolares.
9 (RLIN) 10544
700 1# - ENTRADA AGREGADA--NOMBRE PERSONAL
Nombre de persona Betes, Consuelo,
Fechas asociadas al nombre 1893-
9 (RLIN) 28648
852 ## - LOCALIZACIÓN
Ubicación ES-MaACL
Número de control de estantería E-9213
Sublocalización o colección R.93695
Holdings
Estatus retirado Estado de pérdida Estado de daño No para préstamo Biblioteca de origen Biblioteca actual Ubicación en estantería Fecha de adquisición Fuente de adquisición Total de préstamos Signatura topográfica completa Código de barras Visto por última vez Precio de reemplazo Tipo de ítem Koha
        Biblioteca del Ateneo de Madrid Biblioteca del Ateneo de Madrid Depósito 2 17/01/2008     E-9213 1073949 23/02/2023 23/02/2023 Libro impreso